| 000 | 02482cam a2200385 a 4500 | ||
|---|---|---|---|
| 001 | 15643407 | ||
| 005 | 20100423140432.0 | ||
| 008 | 090302s2010 enk | b 001 0 eng d | ||
| 010 | _a2009008941 | ||
| 015 |
_aGBA999487 _2bnb |
||
| 016 | 7 |
_a015391262 _2Uk |
|
| 020 | _a9780521866156 (hardback) | ||
| 020 | _a0521866154 (hardback) | ||
| 020 | _a9780521685108 (paperback) | ||
| 020 | _a0521685109 (paperback) | ||
| 035 | _a(OCoLC)ocn313078350 | ||
| 040 |
_aDLC _cDLC _dBTCTA _dYDXCP _dUCDLL _dC#P _dBOP _dCDX _dOCLCQ _dUKM _dDLC |
||
| 043 | _an-us--- | ||
| 050 | 0 | 0 |
_aU22 _b.G76 2010 |
| 082 | 0 | 0 |
_a172.42 _222 _bGRO |
| 100 | 1 |
_aGross, Michael L., _d1954- _915638 |
|
| 245 | 1 | 0 |
_aMoral Dilemmas of Modern War : _bTorture, Assassination, and Blackmail in an Age of Asymmetric Conflict / _cMichael L. Gross. |
| 246 | 3 | 0 | _aTorture, assassination, and blackmail in an age of asymmetric conflict |
| 260 |
_aCambridge : _bCambridge University Press, _c2010. |
||
| 300 |
_axiii, 321 p. ; _c24 cm. |
||
| 504 | _aIncludes bibliographical references and index. | ||
| 505 | 0 | _aTorture, assassination, and blackmail in an age of asymmetric conflict -- Friends, foes, or brothers in arms? the puzzle of combatant equality -- Combatants in asymmetric war -- Shooting to kill : the paradox of prohibited weapons -- Shooting to stun : the paradox of nonlethal warfare -- Murder, self-defense, or execution? the dilemma of assassination -- Human dignity or human life : the dilemmas of torture and rendition -- Noncombatants in asymmetric war -- Blackmailing the innocent : the dilemma of noncombatant immunity -- Killing the innocent : the dilemma of terrorism -- Risking our lives to save others : puzzles of humanitarian intervention -- Conclusion and afterword -- Torture, assassination, and blackmail : new norms for asymmetric conflict? -- The war in Gaza, December 2008 to January 2009. | |
| 541 | _aBacca ; | ||
| 650 | 0 |
_aWar _xMoral and ethical aspects _zUnited States. _915639 |
|
| 650 | 0 |
_aMilitary ethics _zUnited States. _915640 |
|
| 650 | 0 |
_aMilitary interrogation _xMoral and ethical aspects _zUnited States. _915641 |
|
| 942 |
_2ddc _cBB |
||
| 999 |
_c14324 _d14324 |
||